|
|
|
|
| LEADER |
01821cas a2200253 a 4500 |
| 001 |
AALejournalIMF008332 |
| 008 |
230101c9999 xx r poo 0 0eng d |
| 020 |
|
|
|c 5.00 USD
|
| 020 |
|
|
|z 9781451859270
|
| 022 |
|
|
|a 1018-5941
|
| 040 |
|
|
|a BD-DhAAL
|c BD-DhAAL
|
| 100 |
1 |
|
|a Jenkner, Eva.
|
| 245 |
1 |
0 |
|a User Payments for Basic Education in Low-Income Countries /
|c Eva Jenkner, Arye Hillman.
|
| 264 |
|
1 |
|a Washington, D.C. :
|b International Monetary Fund,
|c 2002.
|
| 300 |
|
|
|a 1 online resource (33 pages)
|
| 490 |
1 |
|
|a IMF Working Papers
|
| 500 |
|
|
|a <strong>Off-Campus Access:</strong> No User ID or Password Required
|
| 500 |
|
|
|a <strong>On-Campus Access:</strong> No User ID or Password Required
|
| 506 |
|
|
|a Electronic access restricted to authorized BRAC University faculty, staff and students
|
| 520 |
3 |
|
|a Insufficient resources and inadequate public expenditure management often prevent governments in low-income countries from providing quality basic education free of charge. User payments by parents are an alternative means of financing basic education. This paper assesses how user payments affect educational opportunities and quality of education for children of poor families in low-income countries. Conditions are identified under which user payments can or cannot improve educational outcomes. User payments, whether taking the form of compulsory benefit taxation or voluntary user fees, are a temporary solution and second-best compared with free-access, publicly financed quality education that is consistent with macroeconomic stability.
|
| 538 |
|
|
|a Mode of access: Internet
|
| 700 |
1 |
|
|a Hillman, Arye.
|
| 830 |
|
0 |
|a IMF Working Papers; Working Paper ;
|v No. 2002/182
|
| 856 |
4 |
0 |
|z Full text available on IMF
|u http://elibrary.imf.org/view/journals/001/2002/182/001.2002.issue-182-en.xml
|z IMF e-Library
|